| 000 | 006140000a22001810004500 | ||
|---|---|---|---|
| 003 | MACL | ||
| 005 | 20160610114038.0 | ||
| 008 | 160610b xxu||||| |||| 00| 0 eng d | ||
| 040 |
_aMACL _cMACL |
||
| 041 | _aHindi | ||
| 082 | _a800 | ||
| 100 |
_aशरण, सं. गिरिराज _963705 |
||
| 245 |
_aसामाजिक व्यवस्था पर व्यंग्य _cसं. गिरिराज शरण |
||
| 260 |
_bप्रभात प्रकाशन _c1993 _aनई दिल्ली |
||
| 350 | _a75 | ||
| 650 |
_aLiterature _963706 |
||
| 942 |
_cHIN _k910 _2ddc |
||
| 999 |
_c30380 _d30380 |
||